[Event "Mittelrhein Regionalliga 18/19"]
[Site "Nordrheinwestfalen"]
[Date "2019.05.19"]
[Round "11.2"]
[White "Neubauer, Juergen"]
[Black "Draftian, Ashote"]
[Result "0-1"]
[WhiteElo "2110"]
[BlackElo "2236"]
[PlyCount "98"]
[EventDate "2018.10.28"]
[EventType "team-tourn"]
[EventRounds "11"]
[EventCountry "GER"]
[SourceTitle "EXT 2022"]
[Source "ChessBase"]
[SourceDate "2021.10.06"]
[SourceVersion "1"]
[SourceVersionDate "2021.10.06"]
[SourceQuality "1"]
[WhiteTeam "Euskirchen Turm"]
[BlackTeam "Alsdorf SVG"]
[WhiteTeamCountry "GER"]
[BlackTeamCountry "GER"]

1. e4 c5 2. Nf3 e6 3. d4 cxd4 4. Nxd4 a6 5. c4 Nf6 6. Nc3 Bb4 7. Qd3 Bxc3+ 8. bxc3 Qa5 9. f3 Nc6 10. Nxc6 dxc6 11. Be2 e5 12. Bg5 Be6 13. 0-0 h6 14. Bxf6 Qc5+ 15. Kh1 gxf6 16. Rfd1 Ke7 17. Qb1 b5 18. Qb4 Qxb4 19. cxb4 bxc4 20. Rdc1 a5 21. bxa5 Rxa5 22. Bxc4 Rc8 23. g4 Ra3 24. Kg2 c5 25. Kg3 Kd6 26. Rc2 Ra4 27. Rd1+ Kc6 28. Bxe6 fxe6 29. Rdd2 Rd4 30. Rf2 c4 31. Kh4 Kc5 32. Kh5 Rd3 33. Kg6 Kd4 34. h4 c3 35. Kxh6 Ke3 36. Rce2+ Kf4 37. Kg7 Rxf3 38. Rg2 Rg3 39. Rgf2+ Kxg4 40. Kxf6 Rf3+ 41. Kxe5 Rxf2 42. Rxf2 c2 43. Rf1 c1Q 44. Rxc1 Rxc1 45. Kxe6 Kf4 46. Kf6 Rc6+ 47. Kg7 Re6 48. h5 Kg5 49. h6 Rxh6 0-1

[Event "Mittelrhein Regionalliga 18/19"]
[Site "Nordrheinwestfalen"]
[Date "2018.10.28"]
[Round "3.2"]
[White "Juegel, Marcel"]
[Black "Neubauer, Juergen"]
[Result "1-0"]
[WhiteElo "2163"]
[BlackElo "2099"]
[PlyCount "71"]
[EventDate "2018.10.28"]
[EventType "team-tourn"]
[EventRounds "11"]
[EventCountry "GER"]
[SourceTitle "EXT 2022"]
[Source "ChessBase"]
[SourceDate "2021.10.06"]
[SourceVersion "1"]
[SourceVersionDate "2021.10.06"]
[SourceQuality "1"]
[WhiteTeam "Aachen DJK Aufwärts III"]
[BlackTeam "Euskirchen Turm"]
[WhiteTeamCountry "GER"]
[BlackTeamCountry "GER"]

1. d4 d5 2. Bf4 e6 3. e3 Nf6 4. Nd2 Bd6 5. Bd3 Bxf4 6. exf4 Qd6 7. Ne2 Nbd7 8. c3 b6 9. Nf3 Bb7 10. Ne5 Qe7 11. Ng3 g6 12. Qa4 0-0 13. h4 h5 14. f3 Kg7 15. Ne2 Nxe5 16. fxe5 Nd7 17. Nf4 Rh8 18. Rh3 c6 19. 0-0-0 Rh6 20. Qc2 c5 21. Qf2 cxd4 22. cxd4 Rg8 23. Qe3 Nf8 24. Rg1 Rh7 25. g4 hxg4 26. Rxg4 Kh8 27. Rhg3 Rhg7 28. Nh5 Rh7 29. Nf6 Nd7 30. Nxh7 Kxh7 31. h5 Nf8 32. Rh3 Kg7 33. hxg6 fxg6 34. Qf4 Bc6 35. Rgh4 a6 36. Bxg6 1-0

[Event "Mittelrhein Regionalliga 18/19"]
[Site "Nordrheinwestfalen"]
[Date "2018.09.02"]
[Round "1.1"]
[White "Neubauer, Juergen"]
[Black "Coenen, Norbert"]
[Result "1/2-1/2"]
[WhiteElo "2099"]
[BlackElo "2232"]
[PlyCount "180"]
[EventDate "2018.10.28"]
[EventType "team-tourn"]
[EventRounds "11"]
[EventCountry "GER"]
[SourceTitle "EXT 2022"]
[Source "ChessBase"]
[SourceDate "2021.10.06"]
[SourceVersion "1"]
[SourceVersionDate "2021.10.06"]
[SourceQuality "1"]
[WhiteTeam "Euskirchen Turm"]
[BlackTeam "Aachen SV II"]
[WhiteTeamCountry "GER"]
[BlackTeamCountry "GER"]

1. e4 c5 2. Nf3 e6 3. b4 b6 4. bxc5 bxc5 5. Nc3 Nc6 6. Bb5 Bb7 7. 0-0 g6 8. Rb1 Qc7 9. Bb2 Nd4 10. Nxd4 cxd4 11. Ne2 e5 12. c3 dxc3 13. Nxc3 Bg7 14. Ba3 Ne7 15. Qb3 Bc6 16. Rfc1 Qd8 17. Bxc6 dxc6 18. Qb7 Bf6 19. Bxe7 Bxe7 20. Qxc6+ Kf8 21. Nd5 Kg7 22. g3 Ba3 23. Rc3 Rc8 24. Qa6 Rxc3 25. dxc3 Bc5 26. Rb5 Qd6 27. Qxd6 Bxd6 28. Ra5 Bb8 29. Kf1 f5 30. f3 h5 31. Rb5 h4 32. Rb7+ Kh6 33. c4 fxe4 34. fxe4 Bd6 35. Rxa7 h3 36. Ra5 Rc8 37. Ne3 Kg5 38. Rd5 Rc6 39. Ke2 Kf6 40. Kd3 Ke6 41. Ra5 Bc5 42. Ra4 Rb6 43. Ng4 Bd4 44. Ra5 Rb1 45. c5 Rd1+ 46. Ke2 Rc1 47. Ra6+ Ke7 48. c6 Kd6 49. Kd2 Rh1 50. c7+ Kxc7 51. Rxg6 Ra1 52. Rh6 Rxa2+ 53. Kd3 Ra4 54. Rxh3 Bg1 55. Nxe5 Rd4+ 56. Kc3 Rxe4 57. Rh7+ Kd6 58. Nc4+ Kd5 59. Rh5+ Ke6 60. h3 Kf6 61. g4 Kg7 62. Nd6 Ra4 63. Nc4 Ra1 64. Kd3 Rd1+ 65. Ke2 Rd4 66. Nd2 Ra4 67. Rf5 Bb6 68. Nf3 Ra3 69. g5 Re3+ 70. Kf1 Ra3 71. Kg2 Ra2+ 72. Kg3 Bc7+ 73. Kh4 Ra4+ 74. Kh5 Ra3 75. g6 Bd6 76. h4 Ra4 77. Ng5 Kg8 78. Nf7 Bf8 79. Ng5 Bd6 80. Rd5 Be7 81. Re5 Ra7 82. Nf3 Bf6 83. Rf5 Kg7 84. Ng5 Re7 85. Rf4 Re8 86. Nh7 Re5+ 87. Kg4 Bxh4 88. Kxh4 Kxg6 89. Nf8+ Kg7 90. Nd7 Ra5 1/2-1/2

[Event "Mittelrhein Verbandsliga-S 17/18"]
[Site "Nordrheinwestfalen"]
[Date "2018.01.14"]
[Round "6.3"]
[White "Schmidt, Kai Uwe"]
[Black "Neubauer, Juergen"]
[Result "0-1"]
[WhiteElo "1981"]
[BlackElo "2038"]
[PlyCount "86"]
[EventDate "2017.09.10"]
[EventType "team-tourn"]
[EventRounds "11"]
[EventCountry "GER"]
[SourceTitle "EXT 2022"]
[Source "ChessBase"]
[SourceDate "2021.10.06"]
[SourceVersion "1"]
[SourceVersionDate "2021.10.06"]
[SourceQuality "1"]
[WhiteTeam "Koeln SF III"]
[BlackTeam "Euskirchen Turm"]
[WhiteTeamCountry "GER"]
[BlackTeamCountry "GER"]

1. d4 d5 2. c4 e6 3. Nf3 c5 4. cxd5 exd5 5. g3 Be6 6. Bg2 Nc6 7. 0-0 Be7 8. Be3 c4 9. b3 b5 10. bxc4 bxc4 11. Nc3 Qa5 12. Bd2 Bb4 13. Qe1 Nge7 14. a3 Bxc3 15. Bxc3 Qc7 16. Ng5 0-0 17. e4 Rad8 18. Nxe6 fxe6 19. Bh3 Qd6 20. exd5 exd5 21. Qe6+ Kh8 22. Rfe1 Rf6 23. Qxd6 Rfxd6 24. Rab1 Rf6 25. Rb5 h6 26. Rc5 Rf3 27. Re3 Rxe3 28. fxe3 Rb8 29. Bd7 Rb3 30. Bd2 Rd3 31. Be1 Nb8 32. Bg4 Rxe3 33. Kf2 Rxa3 34. Rc7 Nbc6 35. Bd7 Nxd4 36. Bb4 Ra2+ 37. Kf1 Nef5 38. Bxf5 Nxf5 39. Bf8 h5 40. Bc5 c3 41. Bb4 Ne3+ 42. Kg1 c2 43. Bd2 Nc4 0-1

[Event "Mittelrhein Verbandsliga-O 16/17"]
[Site "Nordrheinwestfalen"]
[Date "2017.01.08"]
[Round "6"]
[White "Ostenda, Eric"]
[Black "Neubauer, Juergen"]
[Result "0-1"]
[WhiteElo "1993"]
[BlackElo "1981"]
[PlyCount "108"]
[EventDate "2016.09.11"]
[EventType "team-tourn"]
[EventRounds "11"]
[EventCountry "GER"]
[SourceTitle "EXT 2022"]
[Source "ChessBase"]
[SourceDate "2021.10.06"]
[SourceVersion "1"]
[SourceVersionDate "2021.10.06"]
[SourceQuality "1"]
[WhiteTeam "Kalker/Deutzer SG"]
[BlackTeam "Euskirchen Turm"]
[WhiteTeamCountry "GER"]
[BlackTeamCountry "GER"]

1. e4 e5 2. Nf3 Nc6 3. Bb5 a6 4. Ba4 Nf6 5. 0-0 d6 6. d3 Be7 7. c3 0-0 8. Re1 b5 9. Bc2 Bg4 10. h3 Bh5 11. Bb3 Na5 12. Bc2 c5 13. a4 Qc7 14. Bg5 Rfb8 15. g4 Bg6 16. b3 c4 17. dxc4 bxc4 18. b4 Nc6 19. Na3 Rd8 20. Bxf6 Bxf6 21. Qd5 Rac8 22. Qxc4 Nd4 23. cxd4 Qxc4 24. Nxc4 Rxc4 25. Bd3 Rxb4 26. d5 Rb3 27. Re3 a5 28. Nd2 Rc3 29. Bb5 Rdc8 30. Bc6 Rxe3 31. fxe3 Bd8 32. Rb1 Kf8 33. Rb7 f6 34. Kf2 Rc7 35. Rb8 Ke7 36. Nc4 Bxe4 37. Nxa5 Bxd5 38. Bxd5 Rc2+ 39. Kf3 Bxa5 40. Rg8 g6 41. Rg7+ Kd8 42. Rxh7 f5 43. Be6 e4+ 44. Kf4 Rf2+ 45. Kg5 fxg4 46. Bxg4 Bb6 47. Rd7+ Ke8 48. Rxd6 Bxe3+ 49. Kxg6 Rf4 50. Bf5 Rh4 51. Re6+ Kf8 52. Rf6+ Ke8 53. Kg7 Bd4 54. Bg4 Ke7 0-1

[Event "Mittelrhein Verbandsliga-O 16/17"]
[Site "Nordrheinwestfalen"]
[Date "2016.11.27"]
[Round "4"]
[White "Neubauer, Juergen"]
[Black "Kneutgen, Alexander"]
[Result "1/2-1/2"]
[WhiteElo "2009"]
[BlackElo "1917"]
[PlyCount "71"]
[EventDate "2016.09.11"]
[EventType "team-tourn"]
[EventRounds "11"]
[EventCountry "GER"]
[SourceTitle "EXT 2022"]
[Source "ChessBase"]
[SourceDate "2021.10.06"]
[SourceVersion "1"]
[SourceVersionDate "2021.10.06"]
[SourceQuality "1"]
[WhiteTeam "Euskirchen Turm"]
[BlackTeam "Niederkassel II"]
[WhiteTeamCountry "GER"]
[BlackTeamCountry "GER"]

1. e4 e6 2. Nf3 d5 3. e5 c5 4. b4 b6 5. bxc5 bxc5 6. c3 Qd7 7. Na3 Ba6 8. Bxa6 Nxa6 9. Rb1 Rb8 10. Rxb8+ Nxb8 11. 0-0 Ne7 12. d4 c4 13. Nh4 Ng6 14. Qh5 Nxh4 15. Qxh4 Qa4 16. Nb1 Qxa2 17. Bg5 Nc6 18. f4 Ne7 19. Qh3 Nf5 20. g4 Nh6 21. f5 Qe2 22. Bxh6 gxh6 23. fxe6 fxe6 24. Qh5+ Kd8 25. h3 Qe3+ 26. Kg2 Qe4+ 27. Rf3 Qxb1 28. Qf7 Qb6 29. Qf6+ Be7 30. Qxh8+ Kd7 31. Qxh7 Qb2+ 32. Kg3 Qc1 33. Kg2 Qd2+ 34. Kg3 Qe1+ 35. Kg2 Qd2+ 36. Kg3 1/2-1/2

[Event "Mittelrhein Verbandsliga-O 15/16"]
[Site "Nordrheinwestfalen"]
[Date "2016.02.21"]
[Round "8"]
[White "Vossen, Klaus"]
[Black "Neubauer, Juergen"]
[Result "1/2-1/2"]
[WhiteElo "1867"]
[BlackElo "1949"]
[PlyCount "81"]
[EventDate "2015.09.06"]
[EventType "team-tourn"]
[EventRounds "11"]
[EventCountry "GER"]
[SourceTitle "EXT 2022"]
[Source "ChessBase"]
[SourceDate "2021.10.06"]
[SourceVersion "1"]
[SourceVersionDate "2021.10.06"]
[SourceQuality "1"]
[WhiteTeam "Hennef"]
[BlackTeam "Euskirchen Turm"]
[WhiteTeamCountry "GER"]
[BlackTeamCountry "GER"]

1. d4 d5 2. c4 e6 3. Nc3 c5 4. e3 Nf6 5. Nf3 Nc6 6. a3 Be7 7. dxc5 Bxc5 8. b4 Bd6 9. c5 Bb8 10. Bb2 0-0 11. Qc2 Qe7 12. Rd1 Rd8 13. Bb5 e5 14. Ne2 Bg4 15. Bxc6 bxc6 16. Qa4 Qe8 17. h3 Bc8 18. Qa5 Ne4 19. Bxe5 Bxe5 20. Nxe5 Bxh3 21. Nxc6 Bxg2 22. Rh2 Qxc6 23. Rxg2 Qh6 24. Qc7 a5 25. Qf4 Qh5 26. Qg4 Qxg4 27. Rxg4 axb4 28. axb4 Rab8 29. f3 h5 30. Rh4 Nf6 31. Rhd4 Re8 32. Kf2 g5 33. Nc3 g4 34. Nxd5 Nxd5 35. Rxd5 Rxb4 36. Rd8 Rxd8 37. Rxd8+ Kg7 38. fxg4 hxg4 39. c6 Rc4 40. Rc8 Kf6 41. c7 1/2-1/2

[Event "Mittelrhein Verbandsliga-O 15/16"]
[Site "Nordrheinwestfalen"]
[Date "2015.11.15"]
[Round "4"]
[White "Breest, Axel"]
[Black "Neubauer, Juergen"]
[Result "1/2-1/2"]
[WhiteElo "1851"]
[BlackElo "1962"]
[PlyCount "70"]
[EventDate "2015.09.06"]
[EventType "team-tourn"]
[EventRounds "11"]
[EventCountry "GER"]
[SourceTitle "EXT 2022"]
[Source "ChessBase"]
[SourceDate "2021.10.06"]
[SourceVersion "1"]
[SourceVersionDate "2021.10.06"]
[SourceQuality "1"]
[WhiteTeam "Siegburg"]
[BlackTeam "Euskirchen Turm"]
[WhiteTeamCountry "GER"]
[BlackTeamCountry "GER"]

1. e4 e5 2. Nc3 Nc6 3. Bc4 Nf6 4. d3 Be7 5. f4 d6 6. f5 Na5 7. g4 Nxc4 8. dxc4 Nd7 9. Be3 Bh4+ 10. Kd2 Nb6 11. Qe2 Bg5 12. b3 Bxe3+ 13. Qxe3 Bd7 14. Nf3 Qe7 15. a4 a5 16. Kc1 Bc6 17. Kb2 Nd7 18. Ne1 g6 19. Nd5 Bxd5 20. cxd5 b6 21. Nd3 gxf5 22. gxf5 Rg8 23. Rag1 0-0-0 24. Rg3 Nf6 25. Rhg1 Rxg3 26. Rxg3 Rg8 27. Nf2 Qf8 28. Rxg8 Nxg8 29. Ng4 Qg7 30. Qh3 Kb7 31. Qh4 h6 32. h3 Qg5 33. Qxg5 hxg5 34. f6 c6 35. c4 c5 1/2-1/2

[Event "Mittelrhein Verbandsliga Ost 1415"]
[Site "Mittelrhein"]
[Date "2015.03.15"]
[Round "9.2"]
[White "Kuehlwetter, Gerd"]
[Black "Neubauer, Juergen"]
[Result "1/2-1/2"]
[WhiteElo "1943"]
[BlackElo "2021"]
[PlyCount "93"]
[EventDate "2014.09.07"]
[EventType "team-tourn"]
[EventRounds "11"]
[EventCountry "GER"]
[SourceTitle "EXT 2023"]
[Source "ChessBase"]
[SourceDate "2022.10.05"]
[SourceVersion "1"]
[SourceVersionDate "2022.10.05"]
[SourceQuality "1"]
[WhiteTeam "Fritzdorf"]
[BlackTeam "Euskirchen Turm"]
[WhiteTeamCountry "GER"]
[BlackTeamCountry "GER"]

1. d4 e6 2. Nf3 d5 3. Bf4 Nf6 4. c3 Bd6 5. Ne5 0-0 6. e3 Bxe5 7. dxe5 Nfd7 8. Nd2 Nc6 9. Nf3 f6 10. exf6 Nxf6 11. Bd3 Re8 12. Bb5 Bd7 13. Bg5 Re7 14. 0-0 Be8 15. Bxc6 bxc6 16. Qd4 Rf7 17. c4 Rf8 18. h3 Qb8 19. Bf4 Nd7 20. c5 h6 21. Ne5 Nf6 22. f3 Qb7 23. Bg3 Nd7 24. b3 Rc8 25. Rac1 Nxe5 26. Bxe5 Rf7 27. Rfd1 Re7 28. Qh4 Rf7 29. Qg4 Bd7 30. Rd4 Re8 31. Rf4 Ree7 32. Rxf7 Rxf7 33. Rd1 Qb5 34. b4 Qe2 35. Qd4 Rf5 36. f4 Rf7 37. Kh2 Bc8 38. Rd2 Qb5 39. g4 Ba6 40. Rf2 Qa4 41. Qb2 Qd1 42. Bd4 g5 43. fxg5 hxg5 44. Rxf7 Kxf7 45. Qf2+ Ke8 46. Bg7 Bd3 47. Bh6 1/2-1/2

[Event "Verbandsliga Mittelrhein-Ost 1213"]
[Site "Germany"]
[Date "2013.03.03"]
[Round "8.1"]
[White "Haag, Martin"]
[Black "Neubauer, Juergen"]
[Result "1-0"]
[WhiteElo "2268"]
[BlackElo "2119"]
[PlyCount "87"]
[EventDate "2012.09.09"]
[EventType "team"]
[EventRounds "11"]
[EventCountry "GER"]
[SourceTitle "EXT 2015"]
[Source "ChessBase"]
[SourceDate "2014.11.20"]
[SourceVersion "1"]
[SourceVersionDate "2014.11.20"]
[SourceQuality "1"]
[WhiteTeam "Bonn Beuel"]
[BlackTeam "Euskirchen Turm"]
[WhiteTeamCountry "GER"]
[BlackTeamCountry "GER"]

1. c4 e6 2. g3 f5 3. Bg2 c5 4. Nf3 Nc6 5. 0-0 Nf6 6. d4 cxd4 7. Nxd4 Be7 8. Nc3 0-0 9. b3 Bc5 10. e3 Nxd4 11. exd4 Bb4 12. Qd3 d5 13. a3 Bxc3 14. Qxc3 Ne4 15. Qb2 b6 16. f3 Nf6 17. c5 Ba6 18. Re1 Qe7 19. b4 bxc5 20. dxc5 Rfe8 21. Bf4 Nd7 22. Be5 Nxe5 23. Rxe5 Qd7 24. a4 Bc4 25. Bf1 Bxf1 26. Kxf1 a6 27. Ree1 d4 28. Qb3 Rab8 29. Kg2 g5 30. Qc4 Kg7 31. c6 Qd6 32. b5 g4 33. fxg4 fxg4 34. Re4 e5 35. Rxg4+ Kh8 36. Rb1 Qc7 37. Qc5 Qa5 38. Qd6 Qd2+ 39. Kh3 Qf2 40. c7 Rbc8 41. Qd7 Qf8 42. b6 Re7 43. Qxc8 Qxc8 44. b7 1-0

[Event "Mittelrhein Verbandsliga-O 1112"]
[Site "Germany"]
[Date "2012.02.26"]
[Round "7"]
[White "Borriss, Claudia"]
[Black "Neubauer, Juergen"]
[Result "0-1"]
[WhiteElo "2022"]
[BlackElo "2082"]
[PlyCount "158"]
[EventDate "2011.09.18"]
[EventType "team-tourn"]
[EventRounds "11"]
[EventCountry "GER"]
[SourceTitle "EXT 2013"]
[Source "ChessBase"]
[SourceDate "2012.11.22"]
[SourceVersion "1"]
[SourceVersionDate "2012.11.22"]
[SourceQuality "1"]
[WhiteTeam "Siebengebirge"]
[BlackTeam "Euskirchen Turm"]
[WhiteTeamCountry "GER"]
[BlackTeamCountry "GER"]

1. d4 e6 2. Nf3 f5 3. g3 Nf6 4. Bg2 Be7 5. c4 d6 6. Qc2 c6 7. Nc3 0-0 8. 0-0 Na6 9. a3 Nc7 10. e4 fxe4 11. Nxe4 Nxe4 12. Qxe4 Bd7 13. h4 Be8 14. Ng5 Bxg5 15. Bxg5 Qd7 16. Bh3 Bg6 17. Qe3 Rae8 18. Rae1 Qf7 19. Qc3 h6 20. Bf4 Rd8 21. Qb4 Bd3 22. Qxb7 Bxc4 23. Qxc6 Bxf1 24. Rxf1 Qe7 25. Re1 Rfe8 26. Bd2 Qd7 27. d5 Qxc6 28. dxc6 Kf7 29. Ba5 Rc8 30. b4 Nb5 31. a4 Nd4 32. b5 Nf3+ 33. Kf1 Nxe1 34. Kxe1 a6 35. Bf1 Re7 36. Bb4 axb5 37. axb5 Ra7 38. Bxd6 Ra1+ 39. Ke2 Rb1 40. Bg2 Rxb5 41. Be4 Rb6 42. Ke3 Kf6 43. Kf4 g5+ 44. hxg5+ hxg5+ 45. Kg4 Rcxc6 46. Bxc6 Rxc6 47. Bb8 Rc4+ 48. f4 gxf4 49. gxf4 Rc1 50. Be5+ Kg6 51. Bd4 Rc2 52. Be3 Re2 53. Bd4 Rg2+ 54. Kf3 Rd2 55. Be3 Rd1 56. Kg4 Kf6 57. Bb6 Rd6 58. Bc7 Rd5 59. Bb8 Rf5 60. Bd6 Kf7 61. Kf3 Rd5 62. Be5 Kg6 63. Ke4 Rd1 64. Bc3 Rc1 65. Bd4 Re1+ 66. Be3 Kf6 67. Kf3 Kf5 68. Kf2 Rb1 69. Kf3 Rb3 70. Ke2 Ke4 71. Bc1 Rh3 72. Kf2 Rf3+ 73. Ke2 Rxf4 74. Bxf4 Kxf4 75. Kf2 Ke4 76. Ke2 e5 77. Ke1 Ke3 78. Kd1 Kf2 79. Kd2 e4 0-1

[Event "Mittelrhein Verbandsliga-O 1112"]
[Site "Germany"]
[Date "2011.12.11"]
[Round "4"]
[White "Neubauer, Juergen"]
[Black "Steffens, Klaus"]
[Result "1-0"]
[WhiteElo "2082"]
[BlackElo "1929"]
[PlyCount "85"]
[EventDate "2011.09.18"]
[EventType "team-tourn"]
[EventRounds "11"]
[EventCountry "GER"]
[SourceTitle "EXT 2013"]
[Source "ChessBase"]
[SourceDate "2012.11.22"]
[SourceVersion "1"]
[SourceVersionDate "2012.11.22"]
[SourceQuality "1"]
[WhiteTeam "Euskirchen Turm"]
[BlackTeam "Siegburg"]
[WhiteTeamCountry "GER"]
[BlackTeamCountry "GER"]

1. e4 e5 2. Nf3 d6 3. d4 exd4 4. Nxd4 Nf6 5. Nc3 Be7 6. Be2 0-0 7. Be3 c6 8. 0-0 Re8 9. f4 Nbd7 10. Nb3 Bf8 11. Bf3 Nb6 12. Qe2 Be6 13. Rfd1 Qc7 14. f5 Bc4 15. Qf2 Rad8 16. a4 d5 17. a5 Nc8 18. exd5 cxd5 19. Kh1 Qe5 20. Re1 Bd6 21. g4 Ne4 22. Bxe4 dxe4 23. Rad1 Bxb3 24. cxb3 Qxa5 25. Rd5 Qc7 26. Nb5 Qc6 27. Red1 Be7 28. Nc3 Rxd5 29. Nxd5 h6 30. Qd2 Bc5 31. f6 g5 32. b4 Bxe3 33. Qxe3 b6 34. h4 Re5 35. Qd4 Re6 36. hxg5 hxg5 37. Qe3 Re5 38. Qd4 Re6 39. b5 Qxb5 40. Nc7 Qc6 41. Nxe6 Qxe6 42. Rd2 Qe8 43. Qd5 1-0

[Event "Mittelrhein Verbandsliga-O 1112"]
[Site "Germany"]
[Date "2011.11.13"]
[Round "3"]
[White "Schmitz, Andreas Arnold"]
[Black "Neubauer, Juergen"]
[Result "1-0"]
[WhiteElo "2082"]
[BlackElo "2082"]
[PlyCount "85"]
[EventDate "2011.09.18"]
[EventType "team-tourn"]
[EventRounds "11"]
[EventCountry "GER"]
[SourceTitle "EXT 2013"]
[Source "ChessBase"]
[SourceDate "2012.11.22"]
[SourceVersion "1"]
[SourceVersionDate "2012.11.22"]
[SourceQuality "1"]
[WhiteTeam "Freibauer Eikamp"]
[BlackTeam "Euskirchen Turm"]
[WhiteTeamCountry "GER"]
[BlackTeamCountry "GER"]

1. e4 e5 2. Nc3 Nc6 3. Bc4 Nf6 4. d3 Be7 5. Nge2 0-0 6. 0-0 Na5 7. Bb3 Nxb3 8. axb3 d5 9. exd5 Nxd5 10. Nxd5 Qxd5 11. Nc3 Qc6 12. Re1 f6 13. d4 Bb4 14. dxe5 Bxc3 15. bxc3 fxe5 16. Rxe5 Qxc3 17. Qd5+ Kh8 18. Qc5 Qxc5 19. Rxc5 c6 20. Bb2 Bf5 21. g4 Bg6 22. h4 h6 23. h5 Be4 24. g5 Kh7 25. Re5 Rae8 26. Rxa7 Rxe5 27. g6+ Kg8 28. Bxe5 c5 29. f4 Rd8 30. Kf2 Kf8 31. Ke3 Bc6 32. Ra5 Rd5 33. c4 Rd1 34. Ra8+ Be8 35. Ke2 Rd7 36. Rc8 b6 37. Rb8 Ke7 38. Rxb6 Kd8 39. Rb8+ Ke7 40. Bxg7 Ra7 41. f5 Ra2+ 42. Ke3 Bc6 43. f6+ 1-0

[Event "Regionalliga Mittelrhein 1011"]
[Site "Germany"]
[Date "2011.02.27"]
[Round "6.5"]
[White "Klein, Gernot"]
[Black "Neubauer, Juergen"]
[Result "0-1"]
[WhiteElo "1957"]
[BlackElo "2036"]
[PlyCount "104"]
[EventDate "2010.10.24"]
[EventType "team"]
[EventRounds "9"]
[EventCountry "GER"]
[SourceTitle "EXT 2015"]
[Source "ChessBase"]
[SourceDate "2014.11.20"]
[SourceVersion "1"]
[SourceVersionDate "2014.11.20"]
[SourceQuality "1"]
[WhiteTeam "Aachen PTSV"]
[BlackTeam "Euskirchen Turm"]
[WhiteTeamCountry "GER"]
[BlackTeamCountry "GER"]

1. e4 e5 2. Nf3 Nc6 3. Bb5 a6 4. Ba4 Nf6 5. d3 d6 6. c3 Be7 7. Nbd2 0-0 8. 0-0 b5 9. Bb3 Na5 10. Bc2 c5 11. Re1 Nc6 12. Nf1 Re8 13. Ng3 g6 14. a4 Bb7 15. axb5 axb5 16. Rxa8 Bxa8 17. Bb3 Na5 18. Ng5 c4 19. dxc4 Nxc4 20. Qe2 Qc7 21. Be3 d5 22. f3 Nxe3 23. Qxb5 Rb8 24. Qa6 Rxb3 25. Qxa8+ Rb8 26. Qa2 Nc4 27. exd5 Nxd5 28. N5e4 Nf4 29. b3 Qb6+ 30. Kh1 Qxb3 31. Qxb3 Rxb3 32. Nf1 f5 33. Ned2 Nxd2 34. Nxd2 Rxc3 35. g3 Nd3 36. Re2 Rc2 37. Rg2 Kf7 38. h3 Ne1 39. Rg1 Rxd2 40. Rxe1 Ke6 41. Rb1 e4 42. Rb6+ Bd6 43. fxe4 fxe4 44. Kg1 Kd5 45. Rb5+ Kc4 46. Rg5 e3 47. Kf1 Kc3 48. h4 Rf2+ 49. Ke1 Rf5 50. Rg4 Kd3 51. h5 Rxh5 52. Kf1 e2+ 0-1